000 00526nam a2200169Ia 4500
003 GCL
008 140319s9999 xx 000 0 ara d
040 _aGCL /
_cGCL
082 0 4 _a160
_bا ن
100 1 _aاسماعيل عبدالعزيز
245 1 0 _aنظرية الموجات المنطقية (دراسة تحليلية فى منطق الجهة) /
_cاسماعيل عبدالعزيز
490 _a
650 0 4 _aنظريات
650 0 4 _aالمنطق
650 0 4 _aالموجات المنطقية
942 _2ddc
_cBK
999 _c39775
_d39775